Návrh axiálnej parkovacej brzdy pre dvojstupňovú prevodovku elektromobilu

Gespeichert in:
Bibliographische Detailangaben
1. Verfasser: Romhányi, Milan (Verfasst von)
Weitere Verfasser: Milesich, Tomáš (Betreuung Doktorarbeit)
Format: Manuskript Buch
Sprache:Slowakisch
Veröffentlicht: 2021
Schlagworte:
Online-Zugang:http://is.stuba.sk/zp/portal_zp.pl?podrobnosti=157125
Tags: Tag hinzufügen
Keine Tags, Fügen Sie das erste Tag hinzu!

MARC

LEADER 00000ntm a22000003a 4500
001 stuzp85845
003 SK-STU
005 20210612214047.3
007 ta
008 150427s2015----xo-----f-mn---000-0-slo-d
040 |a STU  |b slo 
041 0 |a slo 
100 1 |a Romhányi, Milan  |u 020030  |k Z4  |4 aut  |U SjF Strojnícka fakulta  |T SjF Ústav dopravnej techniky a konštruovania  |X 87790  |U J0030  |Y 806  |7 87790 
242 0 1 |a The design of an axial parking lock for a two-speed electric vehicle transmission  |y eng 
245 1 0 |a Návrh axiálnej parkovacej brzdy pre dvojstupňovú prevodovku elektromobilu 
260 |c 2021 
650 4 |a vzdialenosť vrátenia  |2 slo 
650 4 |a uzamykacia rýchlosť  |2 slo 
650 4 |a parkovacia brzda  |2 slo 
650 4 |a parkovacia západka  |2 slo 
650 4 |a parking pawl  |2 eng 
650 4 |a engagement speed  |2 eng 
650 4 |a rollback distance  |2 eng 
650 4 |a parking lock  |2 eng 
700 1 |a Milesich, Tomáš  |u 020030  |k Z2  |4 ths  |U SjF Strojnícka fakulta  |T SjF Ústav dopravnej techniky a konštruovania  |X 49630  |U J0030  |Y 806  |7 A000049630 
856 4 |u http://is.stuba.sk/zp/portal_zp.pl?podrobnosti=157125